Statistics for American Horror Story Returning Cast

Click here to take the quiz!

General Stats

  • This quiz has been taken 90 times
  • The average score is 33 of 58

Answer Stats

HintAnswer% Correct
Jessica LangeConstance Langdon
92%
Evan PetersTate Langdon
89%
Sarah PaulsonLana Winters
85%
Jessica LangeElsa Mars
83%
Evan PetersKit Walker
83%
Emma RobertsMadison Montgomery
83%
Taissa FarmigaViolet Harmon
83%
Sarah PaulsonBillie Dean Howard
82%
Sarah PaulsonBette and Dot Tattler
80%
Jessica LangeSister Jude Martin
80%
Jessica LangeFiona Goode
79%
Evan PetersKyle Spencer
79%
Taissa FarmigaZoe Benson
79%
Sarah PaulsonCordelia Foxx
77%
Lily RabeMisty Day
77%
Sarah PaulsonSally McKenna
76%
Evan PetersJimmy Darling
75%
Lily RabeSister Mary Eunice McKee
72%
Lily RabeNora Montgomery
70%
Sarah PaulsonAlly Mayfair-Richards
68%
Frances ConroyMyrtle Snow
65%
Denis O'HareLiz Taylor
63%
Lady GagaElizabeth Johnson
62%
Evan PetersKai Anderson
59%
Denis O'HareSpalding
59%
Evan PetersRory Monahan
58%
Kathy BatesIris
56%
Sarah PaulsonAudrey Tindall
55%
Evan PetersJames Patrick March
55%
Frances ConroyMoira O'Hara
55%
Kathy BatesDelphine LaLaurie
54%
Angela BassettMarie Laveau
54%
Jamie BrewerAdelaide Langdon
52%
Jamie BrewerNan
52%
Cheyenne JacksonWill Drake
51%
Kathy BatesEthel Darling
49%
Emma RobertsMaggie Esmeralda
49%
Angela BassettRamona Royale
49%
Frances ConroyGloria Mott
48%
Denis O'HareLarry Harvey
46%
Lily RabeShelby Miller
45%
Angela BassettDesiree Dupree
44%
Taissa FarmigaSophie Green
42%
Denis O'HareStanley
38%
Kathy BatesAgnes Mary Winstead
35%
Angela BassettMonet Tumusiime
35%
Jamie BrewerMarjorie
31%
Cheyenne JacksonSidney Aaron James
31%
Frances ConroyMama Polk
30%
Lady GagaScathach
28%
Frances ConroyShachath
28%
Lily RabeAileen Wuornos
27%
Emma RobertsSerena Belinda
27%
Cheyenne JacksonDr. Rudy Vincent Anderson
25%
Frances ConroyBebe Babbitt
17%
Denis O'HareWilliam Van Henderson
15%
Jamie BrewerHedda
11%

Score Distribution

Percentile by Number Answered

Percent of People with Each Score

Your Score History

You have not taken this quiz